1549 1817 1705 1925 1038 1028 1344 1829 1926 1710 1439 1671 1199 1495 1217 1550 1658 1432 1882 1859 1943 1696 1095 1230 1723 1070 1795 1277 1127 1480 1891 1110 1396 1913 1899 1197 1658 1127 1418 1774 1296 1302 1586 1084 1351 1058 1595 1791 1712 1268 1474 1451 1358 1886 1935 1916 1505 1322 1797 1805 1972 1389 1032 1557 1884 1354 1289 1491 1382 1423 1036 1548 1557 1632 1276 1500 1299 1814 1070 1075 1195 1312 1234 1132 1179 1935 1895 1757 1352 1805 1825 1877 1194 1455 1061 1218 1961 1742 1334 BCNSPRNW ULIB Ver.6.0+V

เปลี่ยนเป็นภาษาไทย

Change to English
 แสดงรายละเอียดบรรณานุกรม
  กลับหน้าหลัก

Brief Record : Get Marc (ISO 2709) : E-mail record : QR code < ปิดหน้าต่าง
LEADER : 00000nam 2200000uu 4500
001    13399126338
003     ULIB
008    180910s2561||||th 000 0 tha d
024 0  ^a9786168035337
041    ^atha
060  0 ^aWJ378^bM294
245 00 ^aManual of dialysis/^cบัญชา สถิระพจน์,^cอำนาจ ชัยประเสริฐ,^cเนาวนิตย์ นาทา และ^cอุปถัมภ์ ศุภสินธุ์, บรรณาธิการ
250    ^aพิมพ์ครั้งที่ 1
260    ^aกรุงเทพฯ :^bโครงการตำราอายุรศาสตร์ วิทยาลัยแพทยศาสตร์พระมงกุฎเกล้า,^c2561
300    ^a624 หน้า
650  0 ^aHemodialysis
700 0  ^aอำนาจ ชัยประเสริฐ, บรรณาธิการ
700 0  ^aเนาวนิตย์ นาทา, บรรณาธิการ
700 0  ^aอุปถัมภ์ ศุภสินธุ์, บรรณาธิการ
710 1  ^aบัญชา สถิระพจน์, บรรณาธิการ
856    ^a^zManual of dialysis (สารบัญหนังสือ)^uhttp://110.164.66.211/ULIB6//_fulltext/bookcontent/13399114440/51775.pdf
945    ^p400^l0^i26586
945    ^p400^l0^i26587
999    ^aกัณชพร จุลอักษร
รายการนี้ยังไม่มีแท็ก
คุณยังไม่ได้ล็อกอิน คุณสามารถมีกิจกรรมร่วมกับเว็บไซต์ได้ แต่ต้องล็อกอินก่อน ::
  ล็อกอิน

รายการสื่อสารสนเทศ

ลำดับที่ ประเภท เลขเรียก/บาร์โค้ด สถานที่ สถานะ
1. หนังสือสำรอง
หนังสือสำรอง
WJ378 M294 ฉ.1 
  Barcode: 26586
ห้องสมุดวิทยาเขตนครสวรรค์
►หนังสือทั่วไป:l:General Books
บนชั้น
2. วิทยาศาสตร์การแพทย์ และสุขภาพ
วิทยาศาสตร์การแพทย์ และสุขภาพ
WJ378 M294 ฉ.2 
  Barcode: 26587
ห้องสมุดวิทยาเขตนครสวรรค์
►หนังสือทั่วไป:l:General Books
บนชั้น

รายการใกล้เคียง
    หัวเรื่อง [Hemodialysis]

BibComment


ยังไม่เคยถูกคอมเมนท์

คอมเมนท์ทรัพยากรรายการนี้
  คอมเมนท์: Manual of dialys..


 Copyright 2026. Bcnsprnw @Library